000 00520nam a22001817a 4500
003 OSt
005 20140310182341.0
008 130926t xxu||||| |||| 00| 0 eng d
020 _a9782894296622
050 _aPZ 8
_b.Al316 1995
082 _aGS 823
_bAl1 1995
245 _aAlladin and the magic lamp /
260 _a338 St. Antoine St. East, Montreal, Quebec, Canada :
_bTormont Publications, Inc,
_cc1995.
300 _a61 p. :
_bcol. ill, ;
_c29 cm.
541 _j1
562 _e1
942 _2lcc
_cBK-GS
999 _c12141
_d12141